| 000 | 00000nam##2200000za#4500 |
| 001 | 9.646252 |
| 003 | CaOODSP |
| 005 | 20250319164515 |
| 007 | ta |
| 008 | 150407|1996||||xxc||||| f|0| 0 eng|d |
| 020 | |a0-662-24703-5 |
| 040 | |aCaOODSP|beng |
| 043 | |an-cn--- |
| 086 | 1 |aH68-38/1996E |
| 110 | 1 |aCanada.|bHealth Canada. |bNational Council of Welfare. |
| 245 | 12|aA guide to the proposed seniors benefit : |ba report by the National Council of Welfare |
| 260 | |aOttawa - Ontario : |bHealth Canada. |c1996. |
| 300 | |a26p. : |bgraphs, tables ; |c28 cm. |
| 500 | |aContents: Introduction.--The 1996 budget and benefits for seniors.--The overall impact of the proposals.--Questions and concerns about the federal proposals.--Conclusion and recommendations.--Appendix. |
| 563 | |aSoftcover |
| 590 | |a96-32|b1996-08-09 |
| 690 | 07|aSeniors|2gcpds |
| 690 | 07|aSocial programs|2gcpds |
| 775 | 08|tGuide relatif à la prestation aux aîné(e)s : |w(CaOODSP)9.679818 |
| 776 | 0#|tA guide to the proposed seniors benefit |w(CaOODSP)9.696586 |